000 00288nam a22001337a 4500
008 180313b xxu||||| |||| 00| 0 eng d
020 _a9780132222068
041 _aeng
080 _a336
100 _a57
101 _aMAR
245 _aRESTAURANT MARKETING
_cHART.J
942 _2udc
_cBK
999 _c44907
_d44907